000 00348nam a2200109Ia 4500
008 240129s9999 xx 000 0 und d
100 _aSHARMA, MEENAKSHI
245 0 _aANALYSIS OF SUBSTRATE INTEGRATED WAVEGUIDES AND ITS CIRCUITS
260 _bMEWAR UNIVERSITY, CHITTORGARH
_c2021
650 _aElectronic & Communication Engineering
942 _cTHE
999 _c218920
_d218920